header

Covert operations (Record no. 32033)

MARC details
000 -LEADER
fixed length control field 01806nam a2200457 a 4500
082 04 - DEWEY DECIMAL CLASSIFICATION NUMBER
Classification number 820.9/001
100 1# - MAIN ENTRY--AUTHOR NAME
Personal name Lochrie, Karma.
245 10 - TITLE STATEMENT
Title Covert operations
260 ## - PUBLICATION, DISTRIBUTION, ETC. (IMPRINT)
Place of publication Philadelphia :
Name of publisher University of Pennsylvania Press,
Year of publication c1999.
300 ## - PHYSICAL DESCRIPTION
Number of Pages 292 p.
650 #0 - SUBJECT ADDED ENTRY--TOPICAL TERM
Topical Term English literature
Topical Term Women and literature
Topical Term Women
Topical Term Marriage customs and rites, Medieval.
Topical Term Science, Medieval, in literature.
Topical Term Law, Medieval, in literature.
Topical Term Marriage in literature.
Topical Term Secrecy in literature.
Topical Term Gossip in literature.
Topical Term Sodomy in literature.
856 40 - ELECTRONIC LOCATION AND ACCESS
Uniform Resource Identifier http://site.ebrary.com/lib/rucke/Doc?id=10642208

No items available.

© 2026 Rongo University
Contact us: librarian | system librarian | Rongo university